[Event "Donskoj"]
[Site "Donskoj"]
[Date "2018.03.15"]
[Round "12"]
[White "Postypalskiy, Mihail"]
[Black "Pendurin, Evgeniy"]
[Result "1-0"]
[WhiteElo "2363"]
[BlackElo "2133"]
[PlyCount "91"]
[EventDate "2018.03.09"]
[EventType "tourn"]
[EventRounds "13"]
[EventCountry "RUS"]
[EventCategory "1"]
[SourceTitle "CBM 183 Extra"]
[Source "ChessBase"]
[SourceDate "2018.04.19"]
[SourceVersion "1"]
[SourceVersionDate "2018.04.19"]
[SourceQuality "1"]

1. d4 f5 2. e3 Nf6 3. Bd3 e6 4. c4 Bb4+ 5. Bd2 Be7 6. Nc3 d6 7. Nf3 0-0 8. Qc2 Qe8 9. e4 Nc6 10. a3 Qh5 11. d5 fxe4 12. Nxe4 exd5 13. Nxf6+ Bxf6 14. cxd5 Nd4 15. Nxd4 Bxd4 16. 0-0 Rf7 17. Rae1 Be5 18. f4 Bd4+ 19. Be3 Bf6 20. Bd2 Bg4 21. Bc3 Bh4 22. g3 Bf6 23. Bxf6 gxf6 24. Re3 Kh8 25. Qb3 b6 26. Rfe1 Rg7 27. Be2 Rag8 28. Bxg4 Qxg4 29. Qa4 Qh3 30. Qd4 Rg6 31. Qc3 h5 32. Re8 Qf5 33. Qxc7 Qxf4 34. R1e7 Qh6 35. Qxd6 h4 36. Rxg8+ Rxg8 37. Qc7 hxg3 38. hxg3 Qh4 39. Kg2 a5 40. Re3 Qd4 41. Rf3 Qxb2+ 42. Rf2 Qxa3 43. Qf4 Rg6 44. d6 Qc3 45. Rf3 Qc6 46. Qf5 1-0

[Event "Tula Rjazanov Memorial"]
[Site "Tula"]
[Date "2016.02.13"]
[Round "8"]
[White "Pendurin, Evgeniy"]
[Black "Markov, Vladimir"]
[Result "0-1"]
[WhiteElo "2181"]
[BlackElo "2129"]
[PlyCount "110"]
[EventDate "2016.02.05"]
[EventType "swiss"]
[EventRounds "9"]
[EventCountry "RUS"]
[SourceTitle "CBM 171 Extra"]
[Source "ChessBase"]
[SourceDate "2016.04.26"]
[SourceVersion "1"]
[SourceVersionDate "2016.04.26"]
[SourceQuality "1"]

1. e4 e5 2. Nc3 Nf6 3. f4 d5 4. fxe5 Nxe4 5. Nf3 Bf5 6. d4 Be7 7. Bd3 Bh4+ 8. g3 Be7 9. Qe2 Nxc3 10. bxc3 Qd7 11. Bxf5 Qxf5 12. Qd3 Qd7 13. 0-0 0-0 14. Bg5 Re8 15. Bxe7 Rxe7 16. c4 h6 17. cxd5 Qxd5 18. c4 Qd7 19. Rab1 b6 20. d5 Na6 21. Rbd1 Nc5 22. Qd4 Rd8 23. Nh4 Ne6 24. Qd3 Nc5 25. Qd2 Rxe5 26. Nf3 Ree8 27. Nd4 Ne4 28. Qd3 a6 29. Nc6 Nc5 30. Qd2 Rc8 31. Na7 Ra8 32. Nc6 Nb7 33. Rde1 Nd8 34. Rxe8+ Qxe8 35. Re1 Qd7 36. Ne5 Qf5 37. Nd3 Nb7 38. Re7 Rc8 39. Re5 Qf6 40. Qc3 Nd6 41. c5 Ne4 42. Qd4 Nxc5 43. Nxc5 bxc5 44. Qe4 Rb8 45. Re8+ Rxe8 46. Qxe8+ Kh7 47. Qc8 Qa1+ 48. Kg2 Qxa2+ 49. Kg1 Qxd5 50. Qxc7 Qd4+ 51. Kg2 Qd5+ 52. Kg1 c4 53. Qb6 c3 54. Qxa6 c2 55. Qf1 Qd1 0-1

[Event "Donskoj"]
[Site "Donskoj"]
[Date "2012.08.07"]
[Round "10"]
[White "Babayev, Talib"]
[Black "Pendurin, Evgeniy"]
[Result "1-0"]
[WhiteElo "2376"]
[BlackElo "2093"]
[PlyCount "61"]
[EventDate "2012.08.01"]
[EventType "tourn"]
[EventRounds "13"]
[EventCountry "RUS"]
[EventCategory "2"]
[SourceTitle "EXT 2013"]
[Source "ChessBase"]
[SourceDate "2012.11.22"]
[SourceVersion "1"]
[SourceVersionDate "2012.11.22"]
[SourceQuality "1"]

1. d4 Nf6 2. Nf3 e6 3. Bf4 d5 4. e3 Be7 5. Bd3 0-0 6. 0-0 c5 7. c3 Nc6 8. Nbd2 a6 9. Ne5 Bd7 10. Bg3 b5 11. f4 c4 12. Bc2 a5 13. e4 b4 14. Nxd7 Qxd7 15. e5 Ne8 16. f5 Bg5 17. fxe6 Be3+ 18. Kh1 Qxe6 19. Nxc4 dxc4 20. d5 Qh6 21. dxc6 Nc7 22. Qe2 bxc3 23. bxc3 Ne6 24. Qxc4 Rac8 25. Rad1 Rc7 26. Rd7 Bb6 27. Bf5 Re8 28. Qb5 Qe3 29. Bxe6 fxe6 30. Bf2 Qe4 31. Bxb6 1-0

[Event "Donskoj"]
[Site "Donskoj"]
[Date "2012.08.05"]
[Round "7"]
[White "Pendurin, Evgeniy"]
[Black "Rzayev, Bahruz Iqbal Oglu"]
[Result "0-1"]
[WhiteElo "2093"]
[BlackElo "2351"]
[PlyCount "74"]
[EventDate "2012.08.01"]
[EventType "tourn"]
[EventRounds "13"]
[EventCountry "RUS"]
[EventCategory "2"]
[SourceTitle "EXT 2013"]
[Source "ChessBase"]
[SourceDate "2012.11.22"]
[SourceVersion "1"]
[SourceVersionDate "2012.11.22"]
[SourceQuality "1"]

1. e4 c5 2. Nf3 Nc6 3. d4 cxd4 4. Nxd4 Nf6 5. Nc3 d6 6. Bg5 Bd7 7. Qd2 Rc8 8. 0-0-0 h6 9. Bxf6 gxf6 10. Kb1 Nxd4 11. Qxd4 Qa5 12. Be2 h5 13. h4 Rg8 14. g3 f5 15. Nd5 Bg7 16. Qe3 Qc5 17. Qxc5 Rxc5 18. exf5 Bxf5 19. Ne3 Be4 20. Rhe1 Bc6 21. c3 Kd7 22. Nc2 Rf5 23. Rd2 Bh6 24. Bd3 Bxd2 25. Bxf5+ e6 26. Rd1 exf5 27. Rxd2 f4 28. Nd4 Be4+ 29. Kc1 fxg3 30. fxg3 Rxg3 31. Nb5 d5 32. Nxa7 f5 33. Rh2 f4 34. Nb5 Rg1+ 35. Kd2 Rb1 36. Rf2 Rxb2+ 37. Ke1 Rxb5 0-1

[Event "Donskoj"]
[Site "Donskoj"]
[Date "2012.08.02"]
[Round "2"]
[White "Sosulin, Eduard"]
[Black "Pendurin, Evgeniy"]
[Result "1-0"]
[WhiteElo "2341"]
[BlackElo "2093"]
[PlyCount "59"]
[EventDate "2012.08.01"]
[EventType "tourn"]
[EventRounds "13"]
[EventCountry "RUS"]
[EventCategory "2"]
[SourceTitle "EXT 2013"]
[Source "ChessBase"]
[SourceDate "2012.11.22"]
[SourceVersion "1"]
[SourceVersionDate "2012.11.22"]
[SourceQuality "1"]

1. d4 Nf6 2. c4 d6 3. Nf3 g6 4. Bg5 Bg7 5. Nc3 0-0 6. e3 h6 7. Bh4 g5 8. Bg3 Nh5 9. Be2 Nxg3 10. hxg3 Nd7 11. 0-0 e5 12. Qc2 Re8 13. Rfd1 c6 14. Bd3 Qe7 15. Bh7+ Kh8 16. Bf5 a6 17. Rd2 Nf6 18. dxe5 Bxf5 19. Qxf5 dxe5 20. Rad1 Rac8 21. b3 Qe6 22. Qc2 Kg8 23. Rd6 Qe7 24. Ne4 Rcd8 25. Nxf6+ Bxf6 26. c5 Rxd6 27. cxd6 Qe6 28. Nd2 Qxd6 29. Ne4 Qe7 30. Rd7 1-0

[Event "Donskoj"]
[Site "Donskoj"]
[Date "2012.08.01"]
[Round "1"]
[White "Pendurin, Evgeniy"]
[Black "Ermilov, Petr"]
[Result "1-0"]
[WhiteElo "2093"]
[BlackElo "1912"]
[PlyCount "63"]
[EventDate "2012.08.01"]
[EventType "tourn"]
[EventRounds "13"]
[EventCountry "RUS"]
[EventCategory "2"]
[SourceTitle "EXT 2013"]
[Source "ChessBase"]
[SourceDate "2012.11.22"]
[SourceVersion "1"]
[SourceVersionDate "2012.11.22"]
[SourceQuality "1"]

1. e4 c5 2. Nf3 e6 3. d4 cxd4 4. c3 dxc3 5. Nxc3 Nc6 6. Bc4 a6 7. 0-0 d6 8. Qe2 Be7 9. Rd1 b5 10. Bb3 Ra7 11. Bf4 Rd7 12. Rac1 Na5 13. Bc2 Bb7 14. e5 d5 15. Nd4 Nc6 16. Qg4 g6 17. Nxe6 fxe6 18. Qxe6 Kf8 19. Nxd5 Qe8 20. Bb3 Bd8 21. Rxc6 Qxe6 22. Rxe6 Kg7 23. Rd6 Rxd6 24. exd6 Nf6 25. Nc7 Bxc7 26. dxc7 a5 27. Be5 Re8 28. f4 a4 29. Rd7+ Kh6 30. Bxf6 axb3 31. g4 g5 32. fxg5+ 1-0

[Event "Tula Novikov Memorial"]
[Site "Tula"]
[Date "2011.10.06"]
[Round "11"]
[White "Pendurin, Evgeniy"]
[Black "Moiseev, Viktor"]
[Result "0-1"]
[WhiteElo "2070"]
[BlackElo "2414"]
[PlyCount "70"]
[EventDate "2011.10.01"]
[EventType "tourn"]
[EventRounds "12"]
[EventCountry "RUS"]
[EventCategory "3"]
[SourceTitle "EXT 2012"]
[Source "ChessBase"]
[SourceDate "2011.11.24"]
[SourceVersion "1"]
[SourceVersionDate "2011.11.24"]
[SourceQuality "1"]

1. d4 d5 2. c4 c6 3. Nc3 e6 4. Nf3 Nf6 5. e3 Nbd7 6. Bd3 dxc4 7. Bxc4 b5 8. Bd3 a6 9. 0-0 c5 10. b3 Bb7 11. Bb2 Be7 12. Rc1 0-0 13. Qe2 Qb6 14. Rfd1 Rfd8 15. Bb1 Rac8 16. Ne5 cxd4 17. exd4 Rc7 18. a4 b4 19. Ne4 Bxe4 20. Bxe4 Rxc1 21. Rxc1 Nxe5 22. dxe5 Nxe4 23. Qxe4 Rd2 24. Ba1 Qxf2+ 25. Kh1 Bc5 26. Re1 a5 27. Rc1 g5 28. Qg4 Be3 29. Qf3 Qxf3 30. gxf3 h5 31. h3 Rf2 32. Rd1 Bf4 33. h4 Rxf3 34. Rb1 Rh3+ 35. Kg2 Rxh4 0-1

[Event "Orel"]
[Site "Orel"]
[Date "2009.07.02"]
[Round "7"]
[White "Platonov, Evgeny"]
[Black "Pendurin, Evgeniy"]
[Result "1-0"]
[WhiteElo "2337"]
[BlackElo "2106"]
[PlyCount "67"]
[EventDate "2009.06.26"]
[EventType "tourn"]
[EventRounds "9"]
[EventCountry "RUS"]
[EventCategory "1"]
[SourceTitle "CBM 131 Extra"]
[Source "ChessBase"]
[SourceDate "2009.09.03"]
[SourceVersion "2"]
[SourceVersionDate "2009.09.16"]
[SourceQuality "1"]

1. d4 Nf6 2. c4 e6 3. Nc3 Bb4 4. e3 b6 5. Nge2 0-0 6. a3 Be7 7. g3 Bb7 8. d5 d6 9. Bg2 e5 10. 0-0 a5 11. e4 Nbd7 12. h3 Nc5 13. Be3 Ne8 14. b4 Nd7 15. Qc2 Bg5 16. f4 exf4 17. gxf4 Bh6 18. Nd4 g6 19. Nc6 Bxc6 20. dxc6 Ndf6 21. Rad1 Nh5 22. c5 axb4 23. axb4 bxc5 24. bxc5 Qh4 25. Nd5 Nhf6 26. Bf2 Qh5 27. cxd6 Nxd5 28. Rxd5 f5 29. d7 Nf6 30. exf5 Nxd5 31. Bxd5+ Kh8 32. Bd4+ Bg7 33. Qc3 Qh6 34. f6 1-0

[Event "Orel"]
[Site "Orel"]
[Date "2009.07.01"]
[Round "6"]
[White "Pendurin, Evgeniy"]
[Black "Knyazev, Alexey"]
[Result "0-1"]
[WhiteElo "2106"]
[BlackElo "2229"]
[PlyCount "92"]
[EventDate "2009.06.26"]
[EventType "tourn"]
[EventRounds "9"]
[EventCountry "RUS"]
[EventCategory "1"]
[SourceTitle "CBM 131 Extra"]
[Source "ChessBase"]
[SourceDate "2009.09.03"]
[SourceVersion "2"]
[SourceVersionDate "2009.09.16"]
[SourceQuality "1"]

1. e4 d5 2. exd5 Qxd5 3. Nc3 Qa5 4. d4 c6 5. Bc4 Nf6 6. Nf3 Bg4 7. h3 Bxf3 8. Qxf3 e6 9. 0-0 Bd6 10. a3 0-0 11. Be3 Nbd7 12. Rfe1 Rad8 13. Bb3 Rfe8 14. Rad1 Nf8 15. Ne2 Ng6 16. Nf4 Bxf4 17. Bxf4 Qf5 18. Bg3 Qxf3 19. gxf3 Rd7 20. c3 Red8 21. Kh2 Nh5 22. Rc1 Kf8 23. Rc2 Rc8 24. Ree2 Nf6 25. Rcd2 Rcd8 26. Rc2 Ng8 27. Re4 N8e7 28. Bh4 Nxh4 29. Rxh4 h6 30. Re4 Rc7 31. Ree2 Ng6 32. Kg3 c5 33. dxc5 Rxc5 34. f4 Rf5 35. Re4 Rd3+ 36. f3 e5 37. Rb4 b6 38. Re2 Nxf4 39. Rf2 Rh5 40. h4 g5 41. hxg5 Rxg5+ 42. Kh2 Kg7 43. Rc4 Rh5+ 44. Kg3 Kg6 45. Rc6+ f6 46. Rf1 Rd2 0-1

[Event "Orel"]
[Site "Orel"]
[Date "2009.06.30"]
[Round "5"]
[White "Novikov, Sergey"]
[Black "Pendurin, Evgeniy"]
[Result "1-0"]
[WhiteElo "2248"]
[BlackElo "2106"]
[PlyCount "75"]
[EventDate "2009.06.26"]
[EventType "tourn"]
[EventRounds "9"]
[EventCountry "RUS"]
[EventCategory "1"]
[SourceTitle "CBM 131 Extra"]
[Source "ChessBase"]
[SourceDate "2009.09.03"]
[SourceVersion "2"]
[SourceVersionDate "2009.09.16"]
[SourceQuality "1"]

1. d4 Nf6 2. c4 c5 3. d5 e5 4. Nc3 d6 5. e4 Be7 6. f3 0-0 7. Bd3 Ne8 8. Be3 Na6 9. Nge2 Nac7 10. Qd2 a6 11. a4 b6 12. a5 b5 13. cxb5 axb5 14. Nxb5 Na6 15. 0-0 Nb4 16. Bc4 Rxa5 17. Nec3 Bd7 18. Ra3 Qb6 19. Qe2 Nc7 20. Rxa5 Qxa5 21. Nxc7 Qxc7 22. Ra1 g6 23. Ra3 f5 24. Bb5 Rb8 25. Bc4 Rf8 26. Bh6 Rb8 27. f4 Bf6 28. exf5 Bxf5 29. fxe5 Bxe5 30. Qxe5 dxe5 31. d6+ Qf7 32. Bxf7+ Kxf7 33. g4 Bc2 34. Be3 c4 35. Ra7+ Ke6 36. Bc5 Nd3 37. Re7+ Kf6 38. Ne4# 1-0

[Event "Orel"]
[Site "Orel"]
[Date "2009.06.26"]
[Round "1"]
[White "Pendurin, Evgeniy"]
[Black "Orlov, Pavle"]
[Result "1/2-1/2"]
[WhiteElo "2106"]
[BlackElo "2265"]
[PlyCount "66"]
[EventDate "2009.06.26"]
[EventType "tourn"]
[EventRounds "9"]
[EventCountry "RUS"]
[EventCategory "1"]
[SourceTitle "CBM 131 Extra"]
[Source "ChessBase"]
[SourceDate "2009.09.03"]
[SourceVersion "2"]
[SourceVersionDate "2009.09.16"]
[SourceQuality "1"]

1. e4 c5 2. Nf3 e6 3. d4 cxd4 4. Nxd4 Nf6 5. Nc3 Nc6 6. Be3 Bb4 7. Bd3 d5 8. exd5 Nxd5 9. Nxc6 bxc6 10. Bd2 Nxc3 11. Bxc3 Bxc3+ 12. bxc3 Qa5 13. Qd2 0-0 14. 0-0 Rd8 15. Rfd1 Ba6 16. f3 Rd5 17. Qe3 Bxd3 18. Rxd3 Rad8 19. c4 Rxd3 20. cxd3 Qa3 21. Qe4 Qxd3 22. Qxd3 Rxd3 23. Rb1 g6 24. Rb8+ Kg7 25. Rc8 Ra3 26. Rxc6 Rxa2 27. Rc8 a5 28. c5 a4 29. c6 a3 30. c7 Rc2 31. Ra8 a2 32. Rxa2 Rxc7 33. Kf2 h5 1/2-1/2

[Event "Tula Afromeev Memorial"]
[Site "Tula"]
[Date "2006.07.08"]
[Round "13"]
[White "Domogaev, Sergey"]
[Black "Pendurin, Evgeniy"]
[Result "1-0"]
[WhiteElo "2357"]
[BlackElo "2114"]
[PlyCount "55"]
[EventDate "2006.06.30"]
[EventType "tourn"]
[EventRounds "15"]
[EventCountry "RUS"]
[EventCategory "7"]
[SourceTitle "EXT 2008"]
[Source "ChessBase"]
[SourceDate "2007.11.25"]
[SourceVersion "1"]
[SourceVersionDate "2007.11.25"]
[SourceQuality "1"]

1. b3 e5 2. Bb2 Nc6 3. e3 Nf6 4. Nf3 d6 5. Bb5 Bg4 6. Bxc6+ bxc6 7. h3 Bh5 8. d3 Be7 9. Nbd2 0-0 10. g4 Bg6 11. e4 Nd7 12. h4 f6 13. h5 Bf7 14. d4 c5 15. d5 Re8 16. Nh4 Bf8 17. Nc4 a5 18. a4 Nb6 19. Ne3 Qb8 20. Bc3 Ra7 21. Nf3 Qa8 22. g5 Nd7 23. g6 hxg6 24. hxg6 Bxg6 25. Nd2 Bf7 26. Qg4 c6 27. Nf5 g6 28. Qh3 1-0

[Event "Tula Afromeev Memorial"]
[Site "Tula"]
[Date "2006.07.04"]
[Round "8"]
[White "Pendurin, Evgeniy"]
[Black "Novikov, Maxim"]
[Result "0-1"]
[WhiteElo "2114"]
[BlackElo "2533"]
[PlyCount "50"]
[EventDate "2006.06.30"]
[EventType "tourn"]
[EventRounds "15"]
[EventCountry "RUS"]
[EventCategory "7"]
[SourceTitle "EXT 2008"]
[Source "ChessBase"]
[SourceDate "2007.11.25"]
[SourceVersion "1"]
[SourceVersionDate "2007.11.25"]
[SourceQuality "1"]

1. Nf3 d5 2. g3 Nf6 3. Bg2 e6 4. 0-0 Be7 5. c4 0-0 6. cxd5 exd5 7. d4 c6 8. Nc3 Bf5 9. Bf4 Nbd7 10. Ne5 Re8 11. Nxd7 Qxd7 12. Bg5 Ne4 13. Bxe7 Qxe7 14. Nxe4 Bxe4 15. Bxe4 Qxe4 16. e3 Re6 17. Qb1 Qf3 18. Qd1 Qf5 19. b4 a6 20. a4 Rae8 21. b5 Rh6 22. h4 Re4 23. Kg2 Rexh4 24. gxh4 Rg6+ 25. Kh2 Qe4 0-1

[Event "Tula Afromeev Memorial"]
[Site "Tula"]
[Date "2006.07.03"]
[Round "6"]
[White "Pendurin, Evgeniy"]
[Black "Bagirov, Rufat"]
[Result "0-1"]
[WhiteElo "2114"]
[BlackElo "2468"]
[PlyCount "100"]
[EventDate "2006.06.30"]
[EventType "tourn"]
[EventRounds "15"]
[EventCountry "RUS"]
[EventCategory "7"]
[SourceTitle "EXT 2008"]
[Source "ChessBase"]
[SourceDate "2007.11.25"]
[SourceVersion "1"]
[SourceVersionDate "2007.11.25"]
[SourceQuality "1"]

1. e4 e5 2. Nf3 Nf6 3. Nc3 Nc6 4. d4 exd4 5. Nxd4 Bb4 6. Nxc6 bxc6 7. Bd3 d5 8. exd5 cxd5 9. 0-0 0-0 10. Nb5 Bg4 11. f3 Bd7 12. c3 Bc5+ 13. Nd4 Bb6 14. b4 c5 15. bxc5 Bxc5 16. Bg5 h6 17. Bh4 Rc8 18. Qd2 Bd6 19. a4 Re8 20. Bb5 Be5 21. Rfe1 Qc7 22. Rxe5 Rxe5 23. Bg3 Rce8 24. Rb1 Qc8 25. Bxe5 Rxe5 26. Re1 Rxe1+ 27. Qxe1 a6 28. Bxd7 Nxd7 29. Nf5 Qc5+ 30. Qe3 a5 31. Kf2 Kf8 32. h3 Qb6 33. Ke2 Qb2+ 34. Qd2 Qxd2+ 35. Kxd2 Nc5 36. Ne3 Nxa4 37. Nxd5 Nc5 38. Ke3 a4 39. Nb4 Ke7 40. Nc2 Ne6 41. Na3 g5 42. g3 Kd6 43. Kd3 Kc5 44. Nc4 f5 45. Na3 Kd5 46. c4+ Kc5 47. Nc2 f4 48. g4 Nd8 49. Kc3 Nc6 50. Ne1 Ne5 0-1

[Event "Tula Afromeev Memorial"]
[Site "Tula"]
[Date "2006.07.02"]
[Round "5"]
[White "Gusev, Aleksey"]
[Black "Pendurin, Evgeniy"]
[Result "1-0"]
[WhiteElo "2394"]
[BlackElo "2114"]
[PlyCount "127"]
[EventDate "2006.06.30"]
[EventType "tourn"]
[EventRounds "15"]
[EventCountry "RUS"]
[EventCategory "7"]
[SourceTitle "EXT 2008"]
[Source "ChessBase"]
[SourceDate "2007.11.25"]
[SourceVersion "1"]
[SourceVersionDate "2007.11.25"]
[SourceQuality "1"]

1. d4 d5 2. c4 e6 3. Nc3 Nf6 4. Bg5 Be7 5. e3 0-0 6. Nf3 h6 7. Bh4 b6 8. cxd5 Nxd5 9. Bxe7 Qxe7 10. Nxd5 exd5 11. Rc1 Be6 12. Bd3 c5 13. dxc5 bxc5 14. b3 Nd7 15. 0-0 Bg4 16. h3 Bxf3 17. Qxf3 Ne5 18. Qe2 Nxd3 19. Qxd3 Rfd8 20. Qb5 Rac8 21. Rfd1 d4 22. Rd3 dxe3 23. Rxe3 Qf6 24. Qe2 Rc7 25. Re1 Rdc8 26. Qd3 g6 27. Qc2 Kg7 28. Rf3 Qc6 29. Qc3+ Kg8 30. Rf6 Qd5 31. Rf4 h5 32. Rfe4 Qd7 33. Qf6 Qd8 34. Re7 Rxe7 35. Rxe7 Qf8 36. Rxa7 c4 37. bxc4 Rxc4 38. Qe5 Rc1+ 39. Kh2 Rc5 40. Qb2 Qd6+ 41. g3 Qe5 42. Qxe5 Rxe5 43. Kg2 Kg7 44. a4 Kf6 45. Kf3 Rc5 46. a5 Ke5 47. Ke3 Rc3+ 48. Kd2 Ra3 49. a6 Ra2+ 50. Kc3 Rxf2 51. Re7+ Kf6 52. a7 Ra2 53. Rb7 Ke6 54. Kd4 Ra5 55. Kc4 g5 56. Kb4 Ra1 57. Kb5 Rb1+ 58. Kc6 Ra1 59. Kc7 f5 60. Kb8 f4 61. gxf4 gxf4 62. a8Q Rxa8+ 63. Kxa8 Ke5 64. Rb5+ 1-0

[Event "Tula Afromeev Memorial"]
[Site "Tula"]
[Date "2006.07.01"]
[Round "3"]
[White "Krasnov, Yury"]
[Black "Pendurin, Evgeniy"]
[Result "1-0"]
[WhiteElo "2368"]
[BlackElo "2114"]
[PlyCount "101"]
[EventDate "2006.06.30"]
[EventType "tourn"]
[EventRounds "15"]
[EventCountry "RUS"]
[EventCategory "7"]
[SourceTitle "EXT 2008"]
[Source "ChessBase"]
[SourceDate "2007.11.25"]
[SourceVersion "1"]
[SourceVersionDate "2007.11.25"]
[SourceQuality "1"]

1. d4 Nf6 2. c4 c5 3. d5 b5 4. cxb5 a6 5. Nc3 axb5 6. Nxb5 g6 7. Nc3 Ba6 8. e4 Bxf1 9. Kxf1 d6 10. g3 Bg7 11. Kg2 0-0 12. Nf3 Nbd7 13. Re1 Ng4 14. Nd2 Nge5 15. Qe2 Nb6 16. f4 Ned7 17. a4 Ra7 18. a5 Qa8 19. Qb5 Rb8 20. axb6 Rxa1 21. Qxd7 Rxb6 22. Qxe7 Bf8 23. Qd7 Rb7 24. Qg4 Qa6 25. Qf3 Bg7 26. e5 dxe5 27. Nde4 Rb8 28. Nxc5 Qc8 29. Nd3 exf4 30. Qxf4 f5 31. Re6 Qb7 32. Re7 Qc8 33. Rxg7+ Kxg7 34. Qe5+ Kg8 35. Bh6 Rb7 36. d6 f4 37. Nd5 f3+ 38. Kxf3 Rf1+ 39. Ke2 Rf5 40. Ne7+ Rxe7 41. Qxe7 Rf7 42. Qe4 Rf5 43. b4 Rf7 44. b5 Qc2+ 45. Ke3 Qc8 46. b6 Rb7 47. Qd5+ Kh8 48. Qe5+ Kg8 49. Nc5 Rf7 50. d7 Rxd7 51. Qe6+ 1-0

[Event "Tula Afromeev Memorial"]
[Site "Tula"]
[Date "2006.07.01"]
[Round "2"]
[White "Pendurin, Evgeniy"]
[Black "Ivanov, Igor Y"]
[Result "0-1"]
[WhiteElo "2114"]
[BlackElo "2405"]
[PlyCount "96"]
[EventDate "2006.06.30"]
[EventType "tourn"]
[EventRounds "15"]
[EventCountry "RUS"]
[EventCategory "7"]
[SourceTitle "EXT 2008"]
[Source "ChessBase"]
[SourceDate "2007.11.25"]
[SourceVersion "1"]
[SourceVersionDate "2007.11.25"]
[SourceQuality "1"]

1. e4 c5 2. Nf3 Nc6 3. d4 cxd4 4. Nxd4 d6 5. Nc3 Nf6 6. Bc4 e6 7. 0-0 Be7 8. Be3 0-0 9. f4 d5 10. Nxc6 bxc6 11. Bd3 d4 12. e5 Ne8 13. Bxh7+ Kxh7 14. Bxd4 Rh8 15. Ne4 Ba6 16. Rf2 Qd5 17. Nc3 Qd7 18. Ne4 Rd8 19. Rd2 Qc7 20. Bf2 Rxd2 21. Qxd2 c5 22. Rd1 Bb7 23. Qd3 g6 24. Re1 c4 25. Qd4 a5 26. Qa7 Bd5 27. Nc3 Bb4 28. Qxc7 Nxc7 29. Nxd5 Nxd5 30. c3 Be7 31. g3 Rb8 32. Re2 g5 33. fxg5 Bxg5 34. Rc2 Kg6 35. h4 Be3 36. Kg2 Kf5 37. Kf3 Bxf2 38. Rxf2 Kxe5 39. Re2+ Kf6 40. g4 e5 41. Rd2 Ke6 42. h5 Rh8 43. Ke4 Nf6+ 44. Kf3 Rg8 45. Rg2 a4 46. a3 e4+ 47. Kf4 Nxh5+ 48. Kxe4 Rxg4+ 0-1

[Event "Donskoj"]
[Site "Donskoj"]
[Date "2005.09.22"]
[Round "12"]
[White "Domogaev, Sergey"]
[Black "Pendurin, Evgeniy"]
[Result "1-0"]
[WhiteElo "2340"]
[BlackElo "2155"]
[PlyCount "59"]
[EventDate "2005.09.15"]
[EventType "tourn"]
[EventRounds "13"]
[EventCountry "RUS"]
[EventCategory "5"]
[SourceTitle "CBM 108 Extra"]
[Source "ChessBase"]
[SourceDate "2005.11.04"]
[SourceVersion "1"]
[SourceVersionDate "2005.11.04"]
[SourceQuality "1"]

1. d4 g6 2. c4 Bg7 3. Nc3 d6 4. e4 c5 5. d5 a6 6. Nf3 Nf6 7. Be2 0-0 8. 0-0 Bd7 9. a4 a5 10. h3 Na6 11. Bf4 Nb4 12. Qd2 Nh5 13. Bh2 Qb6 14. Ng5 Nf6 15. f4 h6 16. Nf3 Rae8 17. e5 Nh7 18. g4 dxe5 19. fxe5 Bc8 20. Rae1 e6 21. d6 Bd7 22. Bf4 g5 23. Be3 Bc6 24. h4 Bxf3 25. Bxf3 Bxe5 26. hxg5 hxg5 27. Ne4 f6 28. Bxc5 Qd8 29. Rd1 Rf7 30. d7 1-0

[Event "Donskoj"]
[Site "Donskoj"]
[Date "2005.09.21"]
[Round "11"]
[White "Pendurin, Evgeniy"]
[Black "Igriashvili, Zurab"]
[Result "0-1"]
[WhiteElo "2155"]
[BlackElo "2279"]
[PlyCount "76"]
[EventDate "2005.09.15"]
[EventType "tourn"]
[EventRounds "13"]
[EventCountry "RUS"]
[EventCategory "5"]
[SourceTitle "CBM 108 Extra"]
[Source "ChessBase"]
[SourceDate "2005.11.04"]
[SourceVersion "1"]
[SourceVersionDate "2005.11.04"]
[SourceQuality "1"]

1. d4 d5 2. c4 dxc4 3. e4 e5 4. Nf3 exd4 5. Bxc4 Bb4+ 6. Bd2 Bxd2+ 7. Nbxd2 Nc6 8. 0-0 Qf6 9. b4 Nxb4 10. e5 Qg6 11. Nxd4 Ne7 12. Nb5 Na6 13. Qf3 0-0 14. Rfe1 Be6 15. Bd3 Qg4 16. Qxg4 Bxg4 17. Be4 Bd7 18. a4 Bc6 19. Bxc6 Nxc6 20. f4 Nab4 21. Nxc7 Rac8 22. Nb5 Nc2 23. Ne4 Nxe1 24. Rxe1 Ne7 25. Nbd6 Rc2 26. Nxb7 Rfc8 27. Rd1 Ng6 28. g3 R8c4 29. Nbd6 Rxa4 30. Nf5 h6 31. Ne3 Rb2 32. Nc3 Ra6 33. h3 Kh7 34. Re1 Ne7 35. Ne4 Kg8 36. Kf1 Ra3 37. Re2 Raa2 38. Rxb2 Rxb2 0-1

[Event "Donskoj"]
[Site "Donskoj"]
[Date "2005.09.17"]
[Round "5"]
[White "Pendurin, Evgeniy"]
[Black "Simantsev, Mikhail"]
[Result "0-1"]
[WhiteElo "2155"]
[BlackElo "2393"]
[PlyCount "54"]
[EventDate "2005.09.15"]
[EventType "tourn"]
[EventRounds "13"]
[EventCountry "RUS"]
[EventCategory "5"]
[SourceTitle "CBM 108 Extra"]
[Source "ChessBase"]
[SourceDate "2005.11.04"]
[SourceVersion "1"]
[SourceVersionDate "2005.11.04"]
[SourceQuality "1"]

1. e4 c5 2. c3 d5 3. exd5 Qxd5 4. d4 cxd4 5. cxd4 Nc6 6. Nf3 Bg4 7. Nc3 Bxf3 8. gxf3 Qxd4 9. Qxd4 Nxd4 10. Nb5 Nc2+ 11. Ke2 Rc8 12. Nxa7 Rc5 13. Be3 e6 14. Bxc5 Bxc5 15. Rc1 Nd4+ 16. Kd3 Bxa7 17. Rc7 Nc6 18. Rxb7 Bxf2 19. b4 Nf6 20. b5 Nd8 21. Rb8 0-0 22. a4 Nd7 23. Rc8 Nb7 24. Rc7 Bb6 25. Rc3 Nbc5+ 26. Kc2 Ba5 27. Ra3 Rc8 0-1

[Event "Tula Efremenkov Memorial"]
[Site "Tula"]
[Date "2004.01.31"]
[Round "14"]
[White "Kalugin, Sergey V"]
[Black "Pendurin, Evgeniy"]
[Result "1-0"]
[WhiteElo "2436"]
[BlackElo "2269"]
[PlyCount "45"]
[EventDate "2004.01.??"]
[EventType "tourn"]
[EventRounds "15"]
[EventCountry "RUS"]
[EventCategory "7"]
[SourceTitle "EXT 2005"]
[Source "ChessBase"]
[SourceDate "2004.11.15"]
[SourceVersion "1"]
[SourceVersionDate "2004.11.15"]
[SourceQuality "1"]

1. e4 d6 2. d4 Nf6 3. Nc3 g6 4. f4 Bg7 5. Nf3 0-0 6. Bd3 c6 7. 0-0 Nbd7 8. e5 Ne8 9. Qe1 e6 10. Ne4 d5 11. Neg5 h6 12. Nh3 c5 13. c3 Qb6 14. Kh1 Qc7 15. Qh4 b6 16. f5 exf5 17. Bxh6 f6 18. Bxg7 Kxg7 19. Nf4 Nxe5 20. dxe5 fxe5 21. Nxe5 Qxe5 22. Qg5 Qf6 23. Nh5+ 1-0